00541nam a2200193 a 4500001001300000003000900013005001700022008004100039020000900080082001700089100002100106245006200127260004400189300000900233500003500242505001000277650003900287700002100326nice12345678IN_TiNIC20260116011711.0050524s1987 bana grp 000 0 eng  ac1500a291.172bAYK aAykara, Thomas A aMeeting of Religionsb New Orientations and Perspectives. aBangalorebDharmaram Publicationsc1987 a185p aincludes index and biblioraphy2 aIndex aReconciliation-Interfaith Dialogue1 aAykara, Thomas A